| 000 | 00000nam##2200000za#4500 |
| 001 | 9.652821 |
| 003 | CaOODSP |
| 005 | 20210615115921 |
| 007 | co ||||||||||| |
| 008 | 150407|2006||||xxc |q d f### # eng|d |
| 040 | |aCaOODSP|beng |
| 043 | |an-cn--- |
| 086 | 1 |aSC103-24/2006-2E-MRC |
| 110 | 2 |aCanada School of Public Service. |
| 245 | 10|aPhonetic diagnostic test for beginners |h[electronic resource] |
| 260 | |aOttawa - Ontario : |bCanada School of Public Service |c2006. |
| 300 | |a1 disc. |
| 500 | |aThis product is available from Carole Boire, Assistant Director, Language Training, Canada School of Public Service, Government of Canada, Email: carole.boire@csps-efpc.gc.ca / Tel. 819-934-2617 Cell. 613-668-7849. |
| 590 | |a15-03|b2015-01-16 |
| 590 | |a14-52-Supp|b2014-08-22 |
| 776 | 0#|tIntroduction au français langue seconde |w(CaOODSP)9.683270 |